Statistics for Italian-speaking countries

Click here to take the quiz!

General Stats

  • This quiz has been taken 726 times
  • The average score is 5 of 7

Answer Stats

Hint Answer % Correct
Italy
100%
San Marino
90%
Switzerland
90%
Vatican City
73%
Slovenia (Slovene Istria)
63%
Monaco
55%
Croatia (Istria County and Rijeka)
52%

Score Distribution

Percentile by Number Answered

Percent of People with Each Score

Your Score History

You have not taken this quiz